| 000 | 00000nam 2200000za 4500 |
| 001 | 9.836089 |
| 003 | CaOODSP |
| 005 | 20221107150821 |
| 007 | cr ||||||||||| |
| 008 | 170502s2015 oncadb #o f000 0 fre d |
| 040 | |aCaOODSP|bfre |
| 043 | |an-cn--- |
| 086 | 1 |aEn4-303/2015F-PDF |
| 245 | 03|aLa science des changements climatiques |h[ressource électronique]. |
| 260 | |a[Ottawa] : |bGouvernement du Canada, |c2015. |
| 300 | |a24 p. : |bill., cartes, chartes (en coul.) |
| 500 | |aPubli. aussi en anglais sous le titre : The science of climate change. |
| 500 | |a« Le 23 novembre 2015 ». |
| 504 | |aComprend des références bibliographiques. |
| 692 | 07|2gccst|aChangement climatique |
| 710 | 1 |aCanada. |
| 710 | 1 |aCanada. |bEnvironnement et changement climatique Canada. |
| 775 | 08|tThe science of climate change |w(CaOODSP)9.836086 |
| 856 | 40|qPDF|s2.76 Mo|uhttps://publications.gc.ca/collections/collection_2017/eccc/En4-303-2015-fra.pdf |